000 00665nam a2200241Ia 4500
003 OSt
005 20220924135543.0
006 a|||||r|||| 00| 0
007 ta
008 220923b |||||||| |||| 00| 0 urd d
024 _a291665
037 _cTextual
040 _aARTS
_cARTS
_burd
041 _2urd
_aurd
082 _aO168,1wL, G3
100 _aGirdezi Sayed Fateh Ali Hussaini Au.
_9210478
245 0 _aTazkriah rekhtagoyan
260 _c1933
650 _aURDU POETRY
700 _a Huq Abdul Ed.
_9210479
942 _hO168,1wL, G3
_cTEXL
_2CC
999 _c441126
_d441126